00733nam a22002297a 450000500170000000800410001701000100005801100100006803500100007808200150008810000220010324500240012526000370014930000190018649000740020550000110027965000160029065000120030670000270031871000770034583000810042220230526121337.0971010s1990 r 00010 d a65054 a66026 a73856 a635.65bP300aParsons, David B. aFrijol y chícharo aMéxico, D.F. :bTrillas,c1990 a58 p.b: ilus. aManuales para la educación agropecuaria. Producción vegetalv; 12 a1992-414aChícharo.14aFrijol.0 aMondoñedo, José R.0 aMéxico. Dirección General de Educación Tecnológica Agropecuaria.0 aManuales para educación agropecuaria. Producción vegetal (Trillas)v; 12